MARC

LEADER 00000nam0a2200000 4500
001 302718
005 20231102001530.0
035 |a (RuTPU)RU\TPU\book\327927 
090 |a 302718 
100 |a 20150826d1982 m y0rusy50 ca 
101 0 |a rus 
102 |a RU 
105 |a a j 001zy 
200 1 |a Расчет параметров и показателей работы пневмотранспортных систем буровых станков  |e учебное пособие для вузов  |f В. А. Перетолчин  |g Иркутский политехнический институт (ИрПИ) 
210 |a Иркутск  |c Изд-во ИПИ  |d 1982 
215 |a 80 с.  |c ил. 
320 |a Библиогр.: с. 55 
606 1 |a Буровое оборудование  |2 stltpush  |3 (RuTPU)RU\TPU\subj\72430  |9 85946 
610 1 |a пневмотранспортные установки 
610 1 |a режимы работы 
610 1 |a параметры 
610 1 |a показатели 
610 1 |a расчеты 
610 1 |a компрессорные установки 
610 1 |a давление воздуха 
610 1 |a потери 
610 1 |a учебные пособия 
675 |a 622.242(075.8)  |v 4 
700 1 |a Перетолчин  |b В. А.  |g Вадим Афанасьевич 
712 0 2 |a Иркутский политехнический институт (ИрПИ)  |c (1960-1993)  |2 stltpush  |3 (RuTPU)RU\TPU\col\233 
801 1 |a RU  |b 63413507  |c 20150826 
801 2 |a RU  |b 63413507  |c 20190705  |g RCR 
942 |c BK